The Kerala exporters directory (Record no. 44001)

MARC details
000 -LEADER
fixed length control field 00299nam a2200109Ia 4500
082 ## - DEWEY DECIMAL CLASSIFICATION NUMBER
Classification number 058:339.564
Item number KER
245 #4 - TITLE STATEMENT
Title The Kerala exporters directory
260 ## - PUBLICATION, DISTRIBUTION, ETC. (IMPRINT)
Place of publication Kerala, India
Name of publisher Small Industries Service Institute(SISI
490 ## - SERIES STATEMENT
Series statement 2001
942 ## - ADDED ENTRY ELEMENTS (KOHA)
Koha item type Books
Holdings
Withdrawn status Lost status Damaged status Not for loan Home library Current library Date acquired Source of acquisition Full call number Accession Number Koha item type
        RRII Library RRII Library 16/12/2021 Gift 058:339.564 KER G00749 Books